000 01172cam a2200361 a 4500
001 14022935
003 OSt
005 20140310181735.0
008 050701s2004 okua 000 0 eng d
010 _a 2005298900
020 _a9789717891422
035 _a(OCoLC)ocm55875362
040 _aJRG
_cJRG
_dOCLCQ
_dDLC
042 _alccopycat
050 0 0 _aHQ 799.15
_b.B283 2004
082 0 0 _aTR 640.73
_b.B37 2004
100 _aBartel, Blaine.
_91416
245 1 0 _aEvery teenager's little black book on how to get along with your parents /
_cby Blaine Bartel.
246 3 0 _aLittle black book on how to get along with your parents
260 _aTulsa, Okla. :
_bHarrison House,
_cc2004.
300 _a67 p. :
_bill. ;
_c16 cm.
521 _aTeachers
541 _j1
541 _j2
562 _e2
650 0 _aParent and teenager.
_91417
650 0 _aTeenagers
_xConduct of life.
_91418
650 0 _aTeenagers
_vLife skills guides.
_91419
650 0 _aChristian life.
_91330
906 _a7
_bcbc
_ccopycat
_d2
_encip
_f20
_gy-gencatlg
942 _2lcc
_cBK-TR
_kTR
999 _c2531
_d2531